Szczegóły MARC21

Postpłciowość? : praktyki i narracje tożsamościowe w ponowoczesnym świecie /

003 -Nazwa inst., której nr kontr. jest w polu 001 [,]
    • @
    • Nazwa instytucji, której n kontrolny jest w polu 001
    • NUKAT
005 -DATA I CZAS OSTATNIEJ MODYFIKACJI [,]
    • @
    • pole kontrolne
    • 20241231093900.0
020 -Międzynarod. znormalizowany nr książki - ISBN [ , ]
    • a
    • Numer ISBN
    • 9788362292639 Find
040 -Instytucja sporządzająca opis [ , ]
    • a
    • Instytucja, która sporządziła opis (NP)
    • WA M/LA
    • c
    • Instytucja, która sporządziła rekord (NP)
    • WA M/LA
    • d
    • Instytucja, która zmodyfikowała rekord (P)
    • WA M/ES
    • d
    • Instytucja, która zmodyfikowała rekord (P)
    • Ł U/MRs
041 -Język dokumentu [0, ]
    • a
    • Język tekstu (P)
    • polski
    • b
    • Język streszczeń lub abstraktu (P)
    • angielski
942 -Rodzaj dokumentu [ , ]
    • c
    • Rodzaj dokumentu
    • Książka
245 -Strefa tytułu i oznaczenia odpowiedzialności [0,0]
    • a
    • Tytuł
    • Postpłciowość? : Find
    • b
    • Ciąg dalszy tytułu (NP)
    • praktyki i narracje tożsamościowe w ponowoczesnym świecie / Find
    • c
    • Pozostałe elementy strefy tytułu i oznaczenia odpowiedzialności (NP)
    • red. Aleksandra E. Banot, Anna Barabasz, Rafał Majka.
260 -Strefa adresu wydawniczego [ , ]
    • a
    • Miejsce wydania (P)
    • Bielsko-Biała :
    • b
    • Nazwa wydawcy (P)
    • Wydawnictwo Naukowe Akademii Techniczno-Humanistycznej,
    • c
    • Data wydania (P)
    • cop. 2012.
300 -Strefa opisu fizycznego [ , ]
    • a
    • Określenie formy książki i/lub objętość (NP)
    • 278 s. ;
    • c
    • Format (NP)
    • 21 cm.
336 -Typ zawartości [ , ]
    • a
    • Termin opisujący typ zawartości
    • Tekst
    • b
    • Kod określający zawartość
    • txt
    • 2
    • Źródło (terminu i kodu)
    • rdacontent
337 -Typ mediów [ , ]
    • a
    • Tryb odtwarzania
    • Bez urządzenia pośredniczącego
    • b
    • Kod typu mediów
    • n
    • 2
    • Źródło (terminu i kodu)
    • rdamedia
338 -Typ/rodzaj nośnika [ , ]
    • a
    • Hasło opisujące typ nośnika
    • Wolumin
    • b
    • Kod typu nośnika
    • nc
    • 2
    • Źródło (terminu i kodu)
    • rdacarrier
504 -Uwaga dot. bibliogr. załącznikowej [ , ]
    • a
    • Uwaga dot. bibliografii załącznikowej
    • Bibliogr. przy rozdz.
546 -Uwaga dot. języka [ , ]
    • a
    • Uwaga dot. języka
    • Streszcz. ang.
650 -Hasło przedmiotowe [ ,7]
    • a
    • Hasło przedmiotowe
    • Język i mowa
    • x
    • Określnik rzeczowy
    • różnica płci.
    • 2
    • Źródło terminu
    • kaba
    • 9
    • KHW
    • 113212
650 -Hasło przedmiotowe [ ,7]
    • a
    • Hasło przedmiotowe
    • Literatura
    • x
    • Określnik rzeczowy
    • tematy, motywy.
    • 2
    • Źródło terminu
    • kaba
    • 9
    • KHW
    • 117068
650 -Hasło przedmiotowe [ ,7]
    • a
    • Hasło przedmiotowe
    • Płeć
    • x
    • Określnik rzeczowy
    • aspekt antropologiczny.
    • 2
    • Źródło terminu
    • kaba
    • 9
    • KHW
    • 364765
650 -Hasło przedmiotowe [ ,7]
    • a
    • Hasło przedmiotowe
    • Płeć
    • x
    • Określnik rzeczowy
    • filozofia.
    • 2
    • Źródło terminu
    • kaba
    • 9
    • KHW
    • 420561
650 -Hasło przedmiotowe [ ,7]
    • a
    • Hasło przedmiotowe
    • Płeć
    • x
    • Określnik rzeczowy
    • socjologia.
    • 2
    • Źródło terminu
    • kaba
    • 9
    • KHW
    • 380715
650 -Hasło przedmiotowe [ ,7]
    • a
    • Hasło przedmiotowe
    • Płeć
    • x
    • Określnik rzeczowy
    • w literaturze.
    • 2
    • Źródło terminu
    • kaba
    • 9
    • KHW
    • 372815
650 -Hasło przedmiotowe [ ,7]
    • a
    • Hasło przedmiotowe
    • Postmodernizm.
    • 2
    • Źródło terminu
    • kaba
    • 9
    • KHW
    • 125242
700 -Hasło dodatkowe - nazwa osobowa [1, ]
    • a
    • Nazwa osobowa (NP)
    • Banot, Aleksandra E. Find
    • e
    • Określenie rodzaju współpracy
    • Red.
    • 9
    • KHW
    • 420614
700 -Hasło dodatkowe - nazwa osobowa [1, ]
    • a
    • Nazwa osobowa (NP)
    • Barabasz, Anna. Find
    • e
    • Określenie rodzaju współpracy
    • Red.
    • 9
    • KHW
    • 420613
700 -Hasło dodatkowe - nazwa osobowa [1, ]
    • a
    • Nazwa osobowa (NP)
    • Majka, Rafał. Find
    • e
    • Określenie rodzaju współpracy
    • Red.
    • 9
    • KHW
    • 420615
710 -Hasło dodatkowe - nazwa ciała zbiorowego [2, ]
    • a
    • Nazwa ciała zbiorowego lub nazwa geograficzna jako pierwszy element (NP)
    • Akademia Techniczno-Humanistyczna (Bielsko-Biała).
    • b
    • Nazwa jednostki podrzędnej (P)
    • Wydawnictwo Naukowe.
    • 4
    • Kod relacji
    • pbl
    • 9
    • KHW
    • 91607
920 -ISBN [ , ]
    • a
    • ISBN
    • 978-83-62292-63-9 Find
Data inwentaryzacji Lokalizacja Numer inwentarzowy Sygnatura Status udost.
2017-07-27BMP.25980POL. Gender studies 201